[Event "MVP-ch Seniors op 19th"]
[Site "Ostseebad Binz"]
[Date "2019.12.03"]
[Round "7"]
[White "Hondema, Evert C"]
[Black "Schmid, Hartmut"]
[Result "1/2-1/2"]
[WhiteElo "1932"]
[BlackElo "2123"]
[PlyCount "33"]
[EventDate "2019.11.27"]
[EventType "swiss"]
[EventRounds "9"]
[EventCountry "GER"]
[SourceTitle "EXT 2021"]
[Source "ChessBase"]
[SourceDate "2020.10.23"]
[SourceVersion "1"]
[SourceVersionDate "2020.10.23"]
[SourceQuality "1"]

1. d4 d5 2. Bf4 Nf6 3. e3 g6 4. h3 Bg7 5. Nf3 Bf5 6. Nbd2 Nbd7 7. g4 Be6 8. c3 c5 9. Bd3 Qb6 10. Rb1 0-0 11. Qe2 Rac8 12. Kf1 a6 13. Kg2 Qc6 14. Ne5 Nxe5 15. Bxe5 Ne4 16. Bxg7 Kxg7 17. f3 1/2-1/2

[Event "MVP-ch Seniors op 19th"]
[Site "Ostseebad Binz"]
[Date "2019.11.29"]
[Round "3"]
[White "Berger, Volkmar"]
[Black "Schmid, Hartmut"]
[Result "0-1"]
[WhiteElo "1667"]
[BlackElo "2123"]
[PlyCount "32"]
[EventDate "2019.11.27"]
[EventType "swiss"]
[EventRounds "9"]
[EventCountry "GER"]
[SourceTitle "EXT 2021"]
[Source "ChessBase"]
[SourceDate "2020.10.23"]
[SourceVersion "1"]
[SourceVersionDate "2020.10.23"]
[SourceQuality "1"]

1. d4 d5 2. c4 e6 3. Nf3 c6 4. e3 Bd6 5. Be2 f5 6. 0-0 Nf6 7. Nc3 Nbd7 8. b3 0-0 9. Bb2 Ne4 10. Qc1 Qf6 11. Nd1 g5 12. Ne1 Qh6 13. g3 f4 14. exf4 gxf4 15. Ba3 Bxa3 16. Qxa3 Nd2 0-1

[Event "Baden Wuerttemberg-ch Seniors 65+ op"]
[Site "Freudenstadt"]
[Date "2019.07.13"]
[Round "9"]
[White "Schmid, Hartmut"]
[Black "Remensberger, Hansuli"]
[Result "0-1"]
[WhiteElo "2135"]
[BlackElo "1981"]
[PlyCount "68"]
[EventDate "2019.07.05"]
[EventType "swiss"]
[EventRounds "9"]
[EventCountry "GER"]
[SourceTitle "EXT 2020"]
[Source "ChessBase"]
[SourceDate "2019.10.17"]
[SourceVersion "1"]
[SourceVersionDate "2019.10.17"]
[SourceQuality "1"]

1. c4 e5 2. Nc3 Nc6 3. g3 g6 4. Bg2 Bg7 5. e3 d6 6. Nge2 Nge7 7. d4 exd4 8. exd4 Nf5 9. d5 Ne5 10. 0-0 0-0 11. b3 a5 12. Bf4 Re8 13. Kh1 Bd7 14. Ne4 b6 15. Rc1 h6 16. Bd2 Ne7 17. Bc3 f5 18. f4 fxe4 19. fxe5 dxe5 20. Bxe4 Bf5 21. Qd3 Qd7 22. Rf2 Rad8 23. Bb2 Rf8 24. Rcf1 Qd6 25. Nc3 c6 26. Qe2 cxd5 27. Bxd5+ Kh7 28. Bg2 Bd3 29. Qe3 Bxf1 30. Rxf1 Rxf1+ 31. Bxf1 Nf5 32. Qf3 Qd2 33. Qe2 Qxe2 34. Bxe2 Rd2 0-1

[Event "Baden Wuerttemberg-ch Seniors 65+ op"]
[Site "Freudenstadt"]
[Date "2019.07.10"]
[Round "6"]
[White "Schrems, Hermann"]
[Black "Schmid, Hartmut"]
[Result "1/2-1/2"]
[WhiteElo "2060"]
[BlackElo "2135"]
[PlyCount "25"]
[EventDate "2019.07.05"]
[EventType "swiss"]
[EventRounds "9"]
[EventCountry "GER"]
[SourceTitle "EXT 2020"]
[Source "ChessBase"]
[SourceDate "2019.10.17"]
[SourceVersion "1"]
[SourceVersionDate "2019.10.17"]
[SourceQuality "1"]

1. d4 d5 2. c4 e6 3. Nf3 c6 4. e3 Nd7 5. Nc3 f5 6. Bd3 Ngf6 7. cxd5 cxd5 8. 0-0 Bd6 9. Bd2 a6 10. Rc1 0-0 11. Ne2 Ne4 12. Nf4 Qf6 13. g3 1/2-1/2

[Event "Baden Wuerttemberg-ch Seniors 65+ op"]
[Site "Freudenstadt"]
[Date "2019.07.06"]
[Round "2"]
[White "Schwertel, Johann"]
[Black "Schmid, Hartmut"]
[Result "1/2-1/2"]
[WhiteElo "1910"]
[BlackElo "2135"]
[PlyCount "86"]
[EventDate "2019.07.05"]
[EventType "swiss"]
[EventRounds "9"]
[EventCountry "GER"]
[SourceTitle "EXT 2020"]
[Source "ChessBase"]
[SourceDate "2019.10.17"]
[SourceVersion "1"]
[SourceVersionDate "2019.10.17"]
[SourceQuality "1"]

1. d4 Nf6 2. Nf3 e6 3. c3 b6 4. Bg5 Be7 5. Nbd2 Bb7 6. e3 0-0 7. Bd3 d5 8. 0-0 h6 9. Bh4 Nbd7 10. Qe2 Ne4 11. Bxe7 Qxe7 12. Ne1 e5 13. f3 Nxd2 14. Qxd2 e4 15. fxe4 dxe4 16. Bc4 Rad8 17. Qe2 Kh8 18. g3 Nf6 19. Ng2 Bc8 20. Rf4 c6 21. Raf1 Nd5 22. Bxd5 cxd5 23. Qh5 Kg8 24. Nh4 Qg5 25. Qe2 Be6 26. Nf5 Bxf5 27. Rxf5 Qg6 28. Qb5 Qd6 29. R1f2 Rd7 30. Qe2 f6 31. Qh5 Kh7 32. Qh4 Rdf7 33. g4 g6 34. g5 gxf5 35. Qxh6+ Kg8 36. g6 Rg7 37. Rf4 Rff7 38. Kf2 Kf8 39. h4 Ke7 40. gxf7 Rxf7 41. Qg6 Qd7 42. Qxf5 Qxf5 43. Rxf5 Rh7 1/2-1/2

[Event "Baden Wuerttemberg-ch Seniors 65+ op"]
[Site "Freudenstadt"]
[Date "2019.07.05"]
[Round "1"]
[White "Schmid, Hartmut"]
[Black "Heni, Norbert"]
[Result "1-0"]
[WhiteElo "2135"]
[BlackElo "1832"]
[PlyCount "67"]
[EventDate "2019.07.05"]
[EventType "swiss"]
[EventRounds "9"]
[EventCountry "GER"]
[SourceTitle "EXT 2020"]
[Source "ChessBase"]
[SourceDate "2019.10.17"]
[SourceVersion "1"]
[SourceVersionDate "2019.10.17"]
[SourceQuality "1"]

1. c4 c5 2. Nc3 g6 3. e3 Bg7 4. d4 cxd4 5. exd4 Nf6 6. Nf3 d5 7. Bg5 Ne4 8. Bf4 Nxc3 9. bxc3 0-0 10. Qb3 e6 11. Be2 Nc6 12. c5 e5 13. dxe5 Re8 14. 0-0 Qa5 15. Rad1 Nxe5 16. Nxe5 Bxe5 17. Bb5 Re6 18. Bh6 Bg7 19. Bxg7 Kxg7 20. Rxd5 Re4 21. Rd4 Be6 22. Bc4 Bxc4 23. Qxc4 Re5 24. Rd7 Rf5 25. Rxb7 Qxc5 26. Rxf7+ Kh6 27. Qh4+ Rh5 28. Qf4+ Qg5 29. Qd4 Rg8 30. Qxa7 Qd5 31. Rxh7+ Kg5 32. Qe3+ Kf6 33. Qe7+ Kf5 34. Rf7+ 1-0

[Event "GER-ch Seniors 65"]
[Site "Hamburg"]
[Date "2018.07.28"]
[Round "8"]
[White "Mann, Klaus Dieter"]
[Black "Schmid, Hartmut"]
[Result "1/2-1/2"]
[WhiteElo "2008"]
[BlackElo "2143"]
[PlyCount "49"]
[EventDate "2018.07.21"]
[EventType "swiss"]
[EventRounds "9"]
[EventCountry "GER"]
[SourceTitle "CBM 186 Extra"]
[Source "ChessBase"]
[SourceDate "2018.08.24"]
[SourceVersion "1"]
[SourceVersionDate "2018.08.24"]
[SourceQuality "1"]

1. e4 e5 2. Nf3 Nc6 3. Bb5 Nd4 4. Ba4 Bc5 5. c3 Nxf3+ 6. Qxf3 Qf6 7. Qe2 Ne7 8. d3 0-0 9. Nd2 Ng6 10. Nf3 h6 11. Be3 Nf4 12. Qf1 Qb6 13. Bxf4 exf4 14. Qe2 Qg6 15. 0-0 d6 16. Kh1 c6 17. d4 Bb6 18. Bc2 Qh5 19. Bd1 g5 20. Ng1 Qg6 21. f3 d5 22. Bc2 Re8 23. Qd2 Qg7 24. exd5 cxd5 25. Rfe1 1/2-1/2

[Event "GER-ch Seniors 65"]
[Site "Hamburg"]
[Date "2018.07.22"]
[Round "2"]
[White "Strampfer, Jens"]
[Black "Schmid, Hartmut"]
[Result "1/2-1/2"]
[WhiteElo "1958"]
[BlackElo "2143"]
[PlyCount "77"]
[EventDate "2018.07.21"]
[EventType "swiss"]
[EventRounds "9"]
[EventCountry "GER"]
[SourceTitle "CBM 186 Extra"]
[Source "ChessBase"]
[SourceDate "2018.08.24"]
[SourceVersion "1"]
[SourceVersionDate "2018.08.24"]
[SourceQuality "1"]

1. b3 e5 2. e3 d5 3. Bb2 Bd6 4. d4 e4 5. c4 c6 6. f4 f5 7. Nh3 Nf6 8. Be2 Be6 9. c5 Bc7 10. b4 Nbd7 11. Nc3 0-0 12. Ng5 Qe7 13. b5 h6 14. Nxe6 Qxe6 15. Qa4 Ng4 16. Bxg4 fxg4 17. g3 Nf6 18. Qb3 Ba5 19. a4 Rfc8 20. 0-0 Bxc3 21. Bxc3 b6 22. Bb4 Qd7 23. Ba3 Rab8 24. cxb6 axb6 25. Rfc1 cxb5 26. axb5 Rxc1+ 27. Bxc1 Rc8 28. Bd2 Rc4 29. Ra8+ Kh7 30. Kf2 Qc7 31. Qa3 Rc2 32. Ke1 Qc4 33. Ra7 Qxb5 34. Qe7 Ne8 35. Qe6 Qb1+ 36. Ke2 Qb5+ 37. Kd1 Qb1+ 38. Ke2 Qb5+ 39. Kd1 1/2-1/2

[Event "GER-chT Seniors 26th"]
[Site "Templin"]
[Date "2017.09.26"]
[Round "2.3"]
[White "Zoll, Detlef"]
[Black "Schmid, Hartmut"]
[Result "1/2-1/2"]
[WhiteElo "1893"]
[BlackElo "2138"]
[PlyCount "39"]
[EventDate "2017.09.25"]
[EventType "team-swiss"]
[EventRounds "7"]
[EventCountry "GER"]
[SourceTitle "EXT 2019"]
[Source "ChessBase"]
[SourceDate "2018.10.10"]
[SourceVersion "1"]
[SourceVersionDate "2018.10.10"]
[SourceQuality "1"]
[WhiteTeam "Brandenburg II"]
[BlackTeam "Wuerttemberg II"]
[WhiteTeamCountry "GER"]
[BlackTeamCountry "GER"]

1. d4 d5 2. Nc3 Nf6 3. Bg5 Nc6 4. f3 g6 5. e4 Be6 6. e5 Nd7 7. Nge2 Nb6 8. Nf4 Qd7 9. Nxe6 Qxe6 10. Bb5 Bg7 11. Qe2 0-0 12. Bxc6 bxc6 13. 0-0 f6 14. exf6 Qxe2 15. Nxe2 exf6 16. Bf4 Rfe8 17. Kf2 Re7 18. b3 g5 19. Bd2 Kf7 20. Rae1 1/2-1/2

[Event "Baden Wuerttemberg-ch Seniors op 3rd"]
[Site "Freudenstadt"]
[Date "2017.07.01"]
[Round "2"]
[White "Schmid, Hartmut"]
[Black "Macher, Claus"]
[Result "1-0"]
[WhiteElo "2151"]
[BlackElo "1993"]
[PlyCount "49"]
[EventDate "2017.06.30"]
[EventType "swiss"]
[EventRounds "9"]
[EventCountry "GER"]
[SourceTitle "EXT 2019"]
[Source "ChessBase"]
[SourceDate "2018.10.10"]
[SourceVersion "1"]
[SourceVersionDate "2018.10.10"]
[SourceQuality "1"]

1. e4 c5 2. c3 Nf6 3. e5 Nd5 4. d4 cxd4 5. cxd4 Nc6 6. Nc3 Nxc3 7. bxc3 d6 8. Nf3 Bg4 9. exd6 Qxd6 10. a4 a6 11. Be2 e6 12. Ba3 Qc7 13. Bxf8 Kxf8 14. 0-0 g6 15. Qd2 Kg7 16. Ng5 Bxe2 17. Qxe2 Rhe8 18. Qf3 Qe7 19. Ne4 Rac8 20. Rab1 Na5 21. Nc5 Rc7 22. Rfe1 Qf6 23. Qg3 Ree7 24. Re5 Nc4 25. Ne4 1-0

[Event "Baden Wuerttemberg-ch Seniors op 2nd"]
[Site "Freudenstadt"]
[Date "2016.07.01"]
[Round "1"]
[White "Schmid, Hartmut"]
[Black "Stadler, Lothar"]
[Result "1-0"]
[WhiteElo "2142"]
[BlackElo "1901"]
[PlyCount "47"]
[EventDate "2016.07.01"]
[EventType "swiss"]
[EventRounds "9"]
[EventCountry "GER"]
[SourceTitle "EXT 2019"]
[Source "ChessBase"]
[SourceDate "2018.10.10"]
[SourceVersion "1"]
[SourceVersionDate "2018.10.10"]
[SourceQuality "1"]

1. c4 Nf6 2. Nc3 c5 3. Nf3 Nc6 4. d4 cxd4 5. Nxd4 e6 6. e4 Be7 7. Be2 0-0 8. 0-0 a6 9. Be3 Qc7 10. Rc1 b6 11. Nxc6 dxc6 12. f4 Rd8 13. Qe1 c5 14. e5 Nd7 15. Bf3 Bb7 16. Qg3 Bxf3 17. Rxf3 Nf8 18. f5 exf5 19. Nd5 Qb7 20. Rxf5 Ng6 21. Rcf1 Bh4 22. Qf3 Rd7 23. g3 Bd8 24. e6 1-0

[Event "GER-chT Seniors 24th"]
[Site "Berlin"]
[Date "2015.09.12"]
[Round "7.2"]
[White "Schmid, Hartmut"]
[Black "Kollberg, Lothar"]
[Result "1/2-1/2"]
[WhiteElo "2147"]
[BlackElo "2099"]
[PlyCount "95"]
[EventDate "2015.09.06"]
[EventType "team-swiss"]
[EventRounds "7"]
[EventCountry "GER"]
[SourceTitle "EXT 2018"]
[Source "ChessBase"]
[SourceDate "2017.10.13"]
[SourceVersion "1"]
[SourceVersionDate "2017.10.13"]
[SourceQuality "1"]

1. c4 g6 2. d4 Bg7 3. Nc3 Nf6 4. e4 d6 5. f4 c5 6. d5 0-0 7. Nf3 e6 8. Be2 exd5 9. e5 dxe5 10. fxe5 Ng4 11. Bg5 f6 12. exf6 Bxf6 13. Bxf6 Nxf6 14. cxd5 Ne8 15. 0-0 Nd6 16. Qd2 Nd7 17. Ng5 Nf6 18. Bf3 Kg7 19. Qe3 Nf5 20. Qxc5 Nxd5 21. Nge4 Nxc3 22. Qe5+ Kg8 23. bxc3 Qb6+ 24. Kh1 Qe6 25. Qa5 b6 26. Qa3 Rb8 27. Rae1 a5 28. Ng5 Qf6 29. Qb3+ Kg7 30. Ne6+ Bxe6 31. Rxe6 Qh4 32. Rfe1 Rf7 33. Qd5 Qf4 34. Qd1 Qc7 35. Qa1 Qc4 36. R1e4 Qc5 37. c4+ Kg8 38. Re8+ Rf8 39. R4e5 Qd4 40. Qe1 Rbxe8 41. Rxe8 Rxe8 42. Qxe8+ Kg7 43. Qe2 Ne3 44. Qe1 Nxc4 45. Qe7+ Kg8 46. Qe8+ Kg7 47. Qe7+ Kg8 48. Qe8+ 1/2-1/2

[Event "GER-chT Seniors 24th"]
[Site "Berlin"]
[Date "2015.09.10"]
[Round "5.2"]
[White "Boettcher, Ulrich"]
[Black "Schmid, Hartmut"]
[Result "0-1"]
[WhiteElo "2085"]
[BlackElo "2147"]
[PlyCount "62"]
[EventDate "2015.09.06"]
[EventType "team-swiss"]
[EventRounds "7"]
[EventCountry "GER"]
[SourceTitle "EXT 2018"]
[Source "ChessBase"]
[SourceDate "2017.10.13"]
[SourceVersion "1"]
[SourceVersionDate "2017.10.13"]
[SourceQuality "1"]
[WhiteTeam "Schleswig Holstein Seniors II"]
[BlackTeam "Wuerttemberg Seniors II"]
[WhiteTeamCountry "GER"]
[BlackTeamCountry "GER"]

1. c4 c5 2. Nf3 Nc6 3. d4 cxd4 4. Nxd4 d6 5. Nc3 g6 6. e4 Bg7 7. Be3 Nf6 8. Be2 0-0 9. 0-0 Bd7 10. Rc1 Nxd4 11. Bxd4 Bc6 12. f3 b6 13. b3 e6 14. Qd2 Qe7 15. Rfd1 Rad8 16. Kh1 Rfe8 17. Qb2 Bh6 18. Rc2 Nh5 19. Bf1 Rd7 20. Ne2 f5 21. exf5 gxf5 22. Bf2 Bg7 23. Nd4 Ba8 24. Re1 Qf7 25. Qc1 e5 26. Rce2 Qg6 27. Qc2 e4 28. fxe4 Bxe4 29. Qc3 Nf4 30. Rxe4 Rxe4 31. Qf3 Bxd4 0-1

[Event "Wuertemberg-ch Seniors 27th"]
[Site "Freudenstadt"]
[Date "2015.07.10"]
[Round "9"]
[White "Schmid, Hartmut"]
[Black "Streiter, Manfred"]
[Result "1-0"]
[WhiteElo "2143"]
[BlackElo "1926"]
[PlyCount "55"]
[EventDate "2015.07.03"]
[EventType "swiss"]
[EventRounds "9"]
[EventCountry "GER"]
[SourceTitle "EXT 2016"]
[Source "ChessBase"]
[SourceDate "2015.10.08"]
[SourceVersion "1"]
[SourceVersionDate "2015.10.08"]
[SourceQuality "1"]

1. c4 c5 2. Nc3 Nc6 3. Nf3 Nf6 4. e4 e5 5. d3 d6 6. Be2 Be7 7. a3 a6 8. Rb1 Bg4 9. Nd2 Bd7 10. Nf1 0-0 11. Ne3 Nd4 12. 0-0 Ne8 13. Bg4 f5 14. Bxf5 Nxf5 15. exf5 Bxf5 16. Nxf5 Rxf5 17. Qg4 g6 18. Qe4 Rb8 19. f4 Nf6 20. Qe2 Nd7 21. Nd5 b5 22. Bd2 Rf7 23. Bc3 bxc4 24. dxc4 exf4 25. Qe6 Nf8 26. Qe4 f3 27. Rxf3 Rxf3 28. Nxe7+ 1-0

[Event "Wuertemberg-ch Seniors 27th"]
[Site "Freudenstadt"]
[Date "2015.07.05"]
[Round "3"]
[White "Schmid, Hartmut"]
[Black "Pfrommer, Martin"]
[Result "1/2-1/2"]
[WhiteElo "2143"]
[BlackElo "1959"]
[PlyCount "93"]
[EventDate "2015.07.03"]
[EventType "swiss"]
[EventRounds "9"]
[EventCountry "GER"]
[SourceTitle "EXT 2016"]
[Source "ChessBase"]
[SourceDate "2015.10.08"]
[SourceVersion "1"]
[SourceVersionDate "2015.10.08"]
[SourceQuality "1"]

1. c4 e6 2. d4 Nf6 3. Nc3 Bb4 4. Qc2 c5 5. e3 b6 6. Bd3 Bb7 7. Nf3 d6 8. Bd2 Nbd7 9. a3 Bxc3 10. Bxc3 Qc7 11. 0-0-0 h6 12. Nd2 0-0-0 13. f3 Kb8 14. Kb1 d5 15. dxc5 bxc5 16. Nb3 Nb6 17. Na5 dxc4 18. Bxc4 Rxd1+ 19. Rxd1 Nbd5 20. Nxb7 Nxc3+ 21. Qxc3 Kxb7 22. e4 Rd8 23. Rxd8 Qxd8 24. Qb3+ Qb6 25. Qe3 Qd6 26. Ka2 Nd7 27. g3 f6 28. Qb3+ Nb6 29. Bxe6 Qd2 30. Qc3 Qxh2 31. Qxc5 Qxg3 32. Bg4 Qh2 33. Qe7+ Qc7 34. Qb4 Qf7+ 35. Kb1 h5 36. Bh3 g5 37. a4 a5 38. Qc5 Qc7 39. Qxa5 Qc4 40. Qd2 Qxa4 41. Qd6 Qc6 42. Qe7+ Kb8 43. Be6 g4 44. Qf8+ Kb7 45. Qe7+ Kb8 46. Qd8+ Kb7 47. Qe7+ 1/2-1/2

[Event "GER-chT Seniors 23rd"]
[Site "Bergen"]
[Date "2014.09.05"]
[Round "6.4"]
[White "Lenk, Wolfgang"]
[Black "Schmid, Hartmut"]
[Result "1/2-1/2"]
[WhiteElo "2161"]
[BlackElo "2138"]
[PlyCount "37"]
[EventDate "2014.09.01"]
[EventType "team-swiss"]
[EventRounds "7"]
[EventCountry "GER"]
[SourceTitle "EXT 2018"]
[Source "ChessBase"]
[SourceDate "2017.10.13"]
[SourceVersion "1"]
[SourceVersionDate "2017.10.13"]
[SourceQuality "1"]

1. e4 c6 2. d4 d5 3. Nc3 dxe4 4. Nxe4 Nf6 5. Nxf6+ exf6 6. Nf3 Bf5 7. Bc4 Bd6 8. 0-0 0-0 9. Re1 Qd7 10. Nh4 Bg4 11. Be2 Bxe2 12. Qxe2 Na6 13. Bd2 Nc7 14. Qf3 Rfe8 15. Nf5 Bf8 16. Qg4 Kh8 17. h3 g6 18. Ne3 f5 19. Qf3 1/2-1/2

[Event "GER-chT Seniors 23rd"]
[Site "Bergen"]
[Date "2014.09.02"]
[Round "2.3"]
[White "Weisenburger, Horst"]
[Black "Schmid, Hartmut"]
[Result "1/2-1/2"]
[WhiteElo "2173"]
[BlackElo "2138"]
[PlyCount "68"]
[EventDate "2014.09.01"]
[EventType "team-swiss"]
[EventRounds "7"]
[EventCountry "GER"]
[SourceTitle "EXT 2018"]
[Source "ChessBase"]
[SourceDate "2017.10.13"]
[SourceVersion "1"]
[SourceVersionDate "2017.10.13"]
[SourceQuality "1"]

1. f4 d5 2. Nf3 g6 3. g3 Bg7 4. Bg2 c5 5. d3 Nf6 6. 0-0 Nc6 7. Qe1 0-0 8. h3 e6 9. e4 dxe4 10. dxe4 b6 11. Nc3 Ba6 12. Rf2 Qe7 13. Be3 Rfd8 14. f5 exf5 15. exf5 Rd6 16. Bf4 Rdd8 17. fxg6 hxg6 18. Ne5 Nd4 19. Bxa8 Rxa8 20. Bg5 Bb7 21. Qe3 Qe6 22. Bxf6 Bxf6 23. Ng4 Qxe3 24. Nxe3 Nf3+ 25. Kf1 Bd4 26. Ncd1 Re8 27. Re2 Ba6 28. c4 Ng5 29. Rc1 Nxh3 30. Ng4 Rxe2 31. Kxe2 f5 32. Nge3 Ng5 33. b3 Ne4 34. Nf1 Bb7 1/2-1/2

[Event "Wuerttemberg-ch Seniors op 25th"]
[Site "Freudenstadt"]
[Date "2013.07.06"]
[Round "9"]
[White "Ahlberg, Guenter"]
[Black "Schmid, Hartmut"]
[Result "1/2-1/2"]
[WhiteElo "2002"]
[BlackElo "2157"]
[PlyCount "36"]
[EventDate "2013.07.06"]
[EventType "swiss"]
[EventRounds "9"]
[EventCountry "GER"]
[SourceTitle "EXT 2019"]
[Source "ChessBase"]
[SourceDate "2018.10.10"]
[SourceVersion "1"]
[SourceVersionDate "2018.10.10"]
[SourceQuality "1"]

1. e4 c6 2. d4 d5 3. Nc3 dxe4 4. Nxe4 Nf6 5. Nxf6+ exf6 6. c3 Bd6 7. Bd3 Be6 8. Nf3 Nd7 9. 0-0 Qa5 10. Nd2 Qc7 11. h3 0-0 12. Ne4 Be7 13. Qf3 c5 14. Bf4 Qb6 15. Qg3 g6 16. dxc5 Nxc5 17. Nxc5 Qxc5 18. Be3 Qc6 1/2-1/2

[Event "Wuerttemberg-ch Seniors op 25th"]
[Site "Freudenstadt"]
[Date "2013.07.06"]
[Round "7"]
[White "Engbrecht, Helmut"]
[Black "Schmid, Hartmut"]
[Result "1/2-1/2"]
[WhiteElo "2036"]
[BlackElo "2157"]
[PlyCount "99"]
[EventDate "2013.07.06"]
[EventType "swiss"]
[EventRounds "9"]
[EventCountry "GER"]
[SourceTitle "EXT 2019"]
[Source "ChessBase"]
[SourceDate "2018.10.10"]
[SourceVersion "1"]
[SourceVersionDate "2018.10.10"]
[SourceQuality "1"]

1. f4 Nf6 2. Nf3 d5 3. e3 g6 4. b3 Bg7 5. Bb2 0-0 6. Be2 c5 7. 0-0 Nc6 8. Ne5 e6 9. d3 Nxe5 10. Bxe5 Ne8 11. Bxg7 Kxg7 12. e4 b6 13. Nd2 Nd6 14. a4 Bb7 15. Bf3 Qc7 16. g4 f6 17. Qe2 Nf7 18. Bg2 dxe4 19. Nxe4 Bxe4 20. Bxe4 Rad8 21. Bg2 Rfe8 22. Rf2 e5 23. Qf1 exf4 24. Rxf4 Qd6 25. Qf2 Re7 26. Rf1 Re6 27. h4 Rde8 28. Be4 Qe5 29. g5 Nxg5 30. hxg5 Qxg5+ 31. Qg2 Qxg2+ 32. Bxg2 f5 33. d4 cxd4 34. Rxd4 Kf6 35. Rd7 R8e7 36. Rfd1 Re1+ 37. Rxe1 Rxd7 38. c4 Rd3 39. b4 f4 40. Bd5 Kg5 41. Kf2 Ra3 42. Re5+ Kf6 43. Re6+ Kf5 44. Re7 Rxa4 45. Rxh7 Rxb4 46. Rxa7 Rb2+ 47. Kf3 Rb3+ 48. Kf2 Rb2+ 49. Kf3 Rb3+ 50. Kf2 1/2-1/2

[Event "Oberliga Wuerttemberg 1213"]
[Site "Wuerttemberg"]
[Date "2013.04.14"]
[Round "9.6"]
[White "Braeuner, Uwe"]
[Black "Schmid, Hartmut"]
[Result "1/2-1/2"]
[WhiteElo "2171"]
[BlackElo "2049"]
[PlyCount "163"]
[EventDate "2012.09.30"]
[EventType "team-tourn"]
[EventRounds "9"]
[EventCountry "GER"]
[SourceTitle "EXT 2019"]
[Source "ChessBase"]
[SourceDate "2018.10.10"]
[SourceVersion "1"]
[SourceVersionDate "2018.10.10"]
[SourceQuality "1"]
[WhiteTeam "Pfullingen"]
[BlackTeam "Stuttgart SF II"]
[WhiteTeamCountry "GER"]
[BlackTeamCountry "GER"]

1. e4 c6 2. d4 d5 3. Nc3 dxe4 4. Nxe4 Nf6 5. Ng5 h6 6. N5f3 Bf5 7. Ne2 Nbd7 8. Ng3 Bg6 9. Bd3 Bxd3 10. Qxd3 e6 11. 0-0 Bd6 12. c4 0-0 13. b3 Re8 14. Bb2 Nf8 15. Ne4 Ng6 16. g3 Nxe4 17. Qxe4 Qa5 18. a3 Rad8 19. b4 Qh5 20. Ne5 Bxe5 21. dxe5 Rd2 22. Bc3 Re2 23. Qd3 Nxe5 24. Bxe5 Qxe5 25. Rfd1 Rc8 26. Kf1 Rb2 27. Rac1 g6 28. Rc2 Rxc2 29. Qxc2 c5 30. Qd3 cxb4 31. axb4 Qc7 32. c5 a5 33. Qb5 axb4 34. Qxb4 Qc6 35. Kg1 Qf3 36. Rd7 Ra8 37. Qb2 h5 38. h4 Qc6 39. Rxb7 Qxc5 40. Qf6 Rf8 41. Re7 Qc1+ 42. Kg2 Qc6+ 43. Kh2 Qe4 44. Kg1 Qf5 45. Qxf5 gxf5 46. Kg2 Kg7 47. Ra7 Rb8 48. Kf3 Kf6 49. Rc7 Rb3+ 50. Kg2 Rb6 51. Ra7 e5 52. Kf3 Rb3+ 53. Kg2 Rb2 54. Ra6+ Kg7 55. Ra5 f6 56. Kf3 Kg6 57. Ra3 Rb4 58. Rc3 Rg4 59. Rc6 f4 60. gxf4 Rxf4+ 61. Kg3 Rg4+ 62. Kh3 Rd4 63. f3 e4 64. fxe4 Rxe4 65. Rc5 Re3+ 66. Kg2 Re5 67. Rc3 Re4 68. Kg3 Rg4+ 69. Kh3 Re4 70. Kg3 Kf5 71. Rc5+ Re5 72. Rc3 Ke4 73. Ra3 Rd5 74. Ra4+ Ke5 75. Ra3 f5 76. Re3+ Kf6 77. Ra3 Rd4 78. Ra5 Rg4+ 79. Kh3 Re4 80. Kg3 Re8 81. Kf4 Re4+ 82. Kg3 1/2-1/2

[Event "GER-ch Seniors"]
[Site "Dresden"]
[Date "2012.08.09"]
[Round "1"]
[White "Perk, Egbert"]
[Black "Schmid, Hartmut"]
[Result "1/2-1/2"]
[WhiteElo "1966"]
[BlackElo "2162"]
[PlyCount "82"]
[EventDate "2012.08.09"]
[EventType "swiss"]
[EventRounds "9"]
[EventCountry "GER"]
[SourceTitle "EXT 2014"]
[Source "ChessBase"]
[SourceDate "2013.11.20"]
[SourceVersion "1"]
[SourceVersionDate "2013.11.20"]
[SourceQuality "1"]

1. d4 d5 2. Nf3 Nf6 3. g3 c5 4. Bg2 Nc6 5. 0-0 e6 6. a3 cxd4 7. Nxd4 Bc5 8. Nxc6 bxc6 9. b4 Be7 10. Bb2 a5 11. c3 0-0 12. Nd2 Qb6 13. h3 c5 14. Rb1 axb4 15. cxb4 cxb4 16. axb4 Ba6 17. Re1 Rab8 18. Ba3 Bb5 19. Nf1 Rfc8 20. Qd2 Ra8 21. Bb2 Rc5 22. Ne3 Rcc8 23. Bd4 Qd8 24. Rec1 Nd7 25. Rxc8 Rxc8 26. Bf1 Qc7 27. Bb2 Qd6 28. Bd4 g6 29. Ba1 Ra8 30. Ng4 e5 31. Bg2 Bc6 32. Ne3 Nb6 33. b5 Bb7 34. Ng4 Nc4 35. Qc3 Ra3 36. Qc1 h5 37. Nh2 Ra2 38. e3 Bf6 39. Bc3 e4 40. Bf1 Nb6 41. Ra1 Rxa1 1/2-1/2

[Event "Oberliga Wuerttemberg 1112"]
[Site "Wuerttemberg"]
[Date "2011.10.23"]
[Round "2.8"]
[White "Braeuner, Uwe"]
[Black "Schmid, Hartmut"]
[Result "0-1"]
[WhiteElo "2134"]
[BlackElo "2162"]
[PlyCount "108"]
[EventDate "2011.10.09"]
[EventType "team-tourn"]
[EventRounds "9"]
[EventCountry "GER"]
[SourceTitle "EXT 2019"]
[Source "ChessBase"]
[SourceDate "2018.10.10"]
[SourceVersion "1"]
[SourceVersionDate "2018.10.10"]
[SourceQuality "1"]
[WhiteTeam "Pfullingen"]
[BlackTeam "Stuttgart SF II"]
[WhiteTeamCountry "GER"]
[BlackTeamCountry "GER"]

1. d4 d5 2. Nf3 e6 3. Bg5 Nf6 4. e3 Be7 5. Nbd2 Nbd7 6. Bd3 b6 7. c3 Bb7 8. Qb1 h6 9. Bh4 c5 10. 0-0 0-0 11. a4 Re8 12. Ne5 Nxe5 13. dxe5 Ng4 14. Bg3 Bh4 15. Bf4 g5 16. Bg3 Bxg3 17. hxg3 Nxe5 18. Bb5 Rf8 19. Qd1 c4 20. a5 bxa5 21. Qh5 Qb6 22. Ba4 Kg7 23. Rab1 Qc5 24. Kh2 f5 25. b4 axb4 26. Rxb4 Rf7 27. Rh1 Rh8 28. Kg1 Bc6 29. Nf3 Nxf3+ 30. gxf3 Bxa4 31. Rxa4 Rb7 32. Kg2 Rb2 33. Rha1 Ra8 34. Rh1 Rh8 35. Rha1 Rb7 36. Ra6 Qe7 37. g4 Rf8 38. gxf5 Rxf5 39. Qg4 Qf7 40. Rxa7 Rxa7 41. Qd4+ e5 42. Qxa7 Qxa7 43. Rxa7+ Rf7 44. Ra5 Rd7 45. Rc5 Rd6 46. e4 d4 47. cxd4 exd4 48. Rxc4 d3 49. Rc1 Kf6 50. Kf1 h5 51. Ra1 d2 52. Ke2 h4 53. f4 d1Q+ 54. Rxd1 Rxd1 0-1